000 00430nam a22001697a 4500
005 20180814111254.0
008 160601b xxu||||| |||| 00| 0 eng d
020 _a81-203-0669-4
041 _aeng
082 _b6654
_a658.4
100 _aGopalKrishnan, P and Banerji, A.K.
_94800
245 _aMaintenance and spare Parts Mgt
260 _aNew Delhi
_bPHI,
_c2004
300 _a378p,
650 _aManagement
_9241
942 _cBK
999 _c2320
_d2319